000 00577nam a2200181Ia 4500
008 100917s9999 xx 000 0 und d
082 _b39955
100 _aओक वि. का.
245 _aराजपूत्र चंद्रसेन
260 _bप्रयत्न प्रकाशन
_c1977
300 _a16
365 _b0.4
520 _aबालविभाग
630 _aराजपूत्र चंद्रसेन
650 _aबालविभाग
730 _aराजपूत्र चंद्रसेन
942 _cBOOK
999 _c645349
_d645346